000 00727nam a22002177a 4500
999 _c541
_d541
003 AR-CdUCM
008 190225b ||||| |||| 00| 0 spa d
040 _aMUNICIPALIDAD PROVINCIAL DEL CUSCO
_cBIBLIOTECA MUNICIPAL DEL CUSCO
082 _a813 /
_bST79
100 _aSteinbeck, John
_91846
245 _aViajando con mi perro /
_cSteinbeck, John
260 _aBuenos Aires :
_bEdiciones Selectos,
_c1964.
300 _a319 paginas ;
_c21cm.
505 _aSiglo XX -- Escritura Norteamericana -- Los descontentos -- Viajando con mi perro
650 _aSiglo XX
_98
650 _aLiteratura Norteamericana
_92111
650 _aEscrituras
_92112
650 _aHIstoria
_92113
942 _2ddc
_cLIBROS
945 _apjha
_d2019-02-25